<?xml version="1.0" encoding="UTF-8"?>
<record
    xmlns:xsi="http://www.w3.org/2001/XMLSchema-instance"
    xsi:schemaLocation="http://www.loc.gov/MARC21/slim http://www.loc.gov/standards/marcxml/schema/MARC21slim.xsd"
    xmlns="http://www.loc.gov/MARC21/slim">

  <leader>00411nam a22001577a 4500</leader>
  <controlfield tag="003">OSt</controlfield>
  <controlfield tag="005">20251024102838.0</controlfield>
  <controlfield tag="008">251024b        |||||||| |||| 00| 0 eng d</controlfield>
  <datafield tag="020" ind1=" " ind2=" ">
    <subfield code="a">9788123913919</subfield>
  </datafield>
  <datafield tag="040" ind1=" " ind2=" ">
    <subfield code="c">IIMT UNIVERSITY, MEERUT</subfield>
  </datafield>
  <datafield tag="100" ind1=" " ind2=" ">
    <subfield code="a">Singh S.P.</subfield>
  </datafield>
  <datafield tag="245" ind1=" " ind2=" ">
    <subfield code="a">Concepts of Biochemistry (for Physiotherapy and Pharmacy)</subfield>
  </datafield>
  <datafield tag="260" ind1=" " ind2=" ">
    <subfield code="a">NEW DELHI</subfield>
    <subfield code="b">CBS</subfield>
    <subfield code="c">2023</subfield>
  </datafield>
  <datafield tag="300" ind1=" " ind2=" ">
    <subfield code="a">407</subfield>
  </datafield>
  <datafield tag="942" ind1=" " ind2=" ">
    <subfield code="2">ddc</subfield>
    <subfield code="c">02</subfield>
    <subfield code="e">1'ST</subfield>
  </datafield>
  <datafield tag="999" ind1=" " ind2=" ">
    <subfield code="c">66663</subfield>
    <subfield code="d">66663</subfield>
  </datafield>
  <datafield tag="952" ind1=" " ind2=" ">
    <subfield code="0">0</subfield>
    <subfield code="1">0</subfield>
    <subfield code="2">ddc</subfield>
    <subfield code="4">0</subfield>
    <subfield code="7">0</subfield>
    <subfield code="a">01</subfield>
    <subfield code="b">01</subfield>
    <subfield code="d">2025-10-24</subfield>
    <subfield code="e">R.LALL BOOK DEPOT</subfield>
    <subfield code="i">GD/IN/310</subfield>
    <subfield code="l">1</subfield>
    <subfield code="p">01-B-145968</subfield>
    <subfield code="q">2027-03-31</subfield>
    <subfield code="r">2026-01-05</subfield>
    <subfield code="s">2026-01-05</subfield>
    <subfield code="u">CEMISTRY</subfield>
    <subfield code="w">2025-10-24</subfield>
    <subfield code="y">02</subfield>
  </datafield>
  <datafield tag="952" ind1=" " ind2=" ">
    <subfield code="0">0</subfield>
    <subfield code="1">0</subfield>
    <subfield code="2">ddc</subfield>
    <subfield code="4">0</subfield>
    <subfield code="7">0</subfield>
    <subfield code="a">01</subfield>
    <subfield code="b">01</subfield>
    <subfield code="d">2025-10-24</subfield>
    <subfield code="e">R.LALL BOOK DEPOT</subfield>
    <subfield code="i">GD/IN/310</subfield>
    <subfield code="l">1</subfield>
    <subfield code="p">01-B-145969</subfield>
    <subfield code="q">2026-08-15</subfield>
    <subfield code="r">2025-12-10</subfield>
    <subfield code="s">2025-12-10</subfield>
    <subfield code="u">CEMISTRY</subfield>
    <subfield code="w">2025-10-24</subfield>
    <subfield code="y">02</subfield>
  </datafield>
  <datafield tag="952" ind1=" " ind2=" ">
    <subfield code="0">0</subfield>
    <subfield code="1">0</subfield>
    <subfield code="2">ddc</subfield>
    <subfield code="4">0</subfield>
    <subfield code="7">0</subfield>
    <subfield code="a">01</subfield>
    <subfield code="b">01</subfield>
    <subfield code="d">2025-10-24</subfield>
    <subfield code="e">R.LALL BOOK DEPOT</subfield>
    <subfield code="i">GD/IN/310</subfield>
    <subfield code="p">01-B-145970</subfield>
    <subfield code="r">2025-10-24</subfield>
    <subfield code="u">CEMISTRY</subfield>
    <subfield code="w">2025-10-24</subfield>
    <subfield code="y">02</subfield>
  </datafield>
  <datafield tag="952" ind1=" " ind2=" ">
    <subfield code="0">0</subfield>
    <subfield code="1">0</subfield>
    <subfield code="2">ddc</subfield>
    <subfield code="4">0</subfield>
    <subfield code="7">0</subfield>
    <subfield code="a">01</subfield>
    <subfield code="b">01</subfield>
    <subfield code="d">2025-10-24</subfield>
    <subfield code="e">R.LALL BOOK DEPOT</subfield>
    <subfield code="i">GD/IN/310</subfield>
    <subfield code="p">01-B-145971</subfield>
    <subfield code="r">2025-10-24</subfield>
    <subfield code="u">CEMISTRY</subfield>
    <subfield code="w">2025-10-24</subfield>
    <subfield code="y">02</subfield>
  </datafield>
  <datafield tag="952" ind1=" " ind2=" ">
    <subfield code="0">0</subfield>
    <subfield code="1">0</subfield>
    <subfield code="2">ddc</subfield>
    <subfield code="4">0</subfield>
    <subfield code="7">0</subfield>
    <subfield code="a">01</subfield>
    <subfield code="b">01</subfield>
    <subfield code="d">2025-10-24</subfield>
    <subfield code="e">R.LALL BOOK DEPOT</subfield>
    <subfield code="i">GD/IN/310</subfield>
    <subfield code="l">1</subfield>
    <subfield code="p">01-B-145972</subfield>
    <subfield code="q">2026-08-15</subfield>
    <subfield code="r">2026-01-14</subfield>
    <subfield code="s">2026-01-14</subfield>
    <subfield code="u">CEMISTRY</subfield>
    <subfield code="w">2025-10-24</subfield>
    <subfield code="y">02</subfield>
  </datafield>
  <datafield tag="952" ind1=" " ind2=" ">
    <subfield code="0">0</subfield>
    <subfield code="1">0</subfield>
    <subfield code="2">ddc</subfield>
    <subfield code="4">0</subfield>
    <subfield code="7">0</subfield>
    <subfield code="a">01</subfield>
    <subfield code="b">01</subfield>
    <subfield code="d">2025-10-24</subfield>
    <subfield code="e">R.LALL BOOK DEPOT</subfield>
    <subfield code="i">GD/IN/310</subfield>
    <subfield code="l">1</subfield>
    <subfield code="p">01-B-145973</subfield>
    <subfield code="q">2026-08-15</subfield>
    <subfield code="r">2025-12-10</subfield>
    <subfield code="s">2025-12-10</subfield>
    <subfield code="u">CEMISTRY</subfield>
    <subfield code="w">2025-10-24</subfield>
    <subfield code="y">02</subfield>
  </datafield>
  <datafield tag="952" ind1=" " ind2=" ">
    <subfield code="0">0</subfield>
    <subfield code="1">0</subfield>
    <subfield code="2">ddc</subfield>
    <subfield code="4">0</subfield>
    <subfield code="7">0</subfield>
    <subfield code="a">01</subfield>
    <subfield code="b">01</subfield>
    <subfield code="d">2025-10-24</subfield>
    <subfield code="e">R.LALL BOOK DEPOT</subfield>
    <subfield code="i">GD/IN/310</subfield>
    <subfield code="p">01-B-145974</subfield>
    <subfield code="r">2025-10-24</subfield>
    <subfield code="u">CEMISTRY</subfield>
    <subfield code="w">2025-10-24</subfield>
    <subfield code="y">02</subfield>
  </datafield>
  <datafield tag="952" ind1=" " ind2=" ">
    <subfield code="0">0</subfield>
    <subfield code="1">0</subfield>
    <subfield code="2">ddc</subfield>
    <subfield code="4">0</subfield>
    <subfield code="7">0</subfield>
    <subfield code="a">01</subfield>
    <subfield code="b">01</subfield>
    <subfield code="d">2025-10-24</subfield>
    <subfield code="e">R.LALL BOOK DEPOT</subfield>
    <subfield code="i">GD/IN/310</subfield>
    <subfield code="l">2</subfield>
    <subfield code="p">01-B-145975</subfield>
    <subfield code="r">2026-03-14</subfield>
    <subfield code="s">2026-03-07</subfield>
    <subfield code="u">CEMISTRY</subfield>
    <subfield code="w">2025-10-24</subfield>
    <subfield code="y">02</subfield>
  </datafield>
  <datafield tag="952" ind1=" " ind2=" ">
    <subfield code="0">0</subfield>
    <subfield code="1">0</subfield>
    <subfield code="2">ddc</subfield>
    <subfield code="4">0</subfield>
    <subfield code="7">0</subfield>
    <subfield code="a">01</subfield>
    <subfield code="b">01</subfield>
    <subfield code="d">2025-10-24</subfield>
    <subfield code="e">R.LALL BOOK DEPOT</subfield>
    <subfield code="i">GD/IN/310</subfield>
    <subfield code="l">1</subfield>
    <subfield code="p">01-B-145976</subfield>
    <subfield code="q">2026-08-15</subfield>
    <subfield code="r">2025-12-04</subfield>
    <subfield code="s">2025-12-04</subfield>
    <subfield code="u">CEMISTRY</subfield>
    <subfield code="w">2025-10-24</subfield>
    <subfield code="y">02</subfield>
  </datafield>
  <datafield tag="952" ind1=" " ind2=" ">
    <subfield code="0">0</subfield>
    <subfield code="1">0</subfield>
    <subfield code="2">ddc</subfield>
    <subfield code="4">0</subfield>
    <subfield code="7">0</subfield>
    <subfield code="a">01</subfield>
    <subfield code="b">01</subfield>
    <subfield code="d">2025-10-24</subfield>
    <subfield code="e">R.LALL BOOK DEPOT</subfield>
    <subfield code="i">GD/IN/310</subfield>
    <subfield code="p">01-B-145977</subfield>
    <subfield code="r">2025-10-24</subfield>
    <subfield code="u">CEMISTRY</subfield>
    <subfield code="w">2025-10-24</subfield>
    <subfield code="y">02</subfield>
  </datafield>
</record>
